[Event "Mislata op rapid"]
[Site "Mislata"]
[Date "2022.08.16"]
[Round "2"]
[White "Serrano Felipe, Rafael"]
[Black "Cayon Pelaez, Pablo"]
[Result "0-1"]
[WhiteElo "2125"]
[BlackElo "2138"]
[PlyCount "88"]
[EventDate "2022.08.15"]
[EventType "swiss (rapid)"]
[EventRounds "8"]
[EventCountry "ESP"]
[SourceTitle "EXT 2024"]
[Source "ChessBase"]
[SourceDate "2023.10.10"]
[SourceVersion "1"]
[SourceVersionDate "2023.10.10"]
[SourceQuality "1"]

1. e4 e5 2. Nc3 Nc6 3. Nf3 Nf6 4. a3 Be7 5. d4 exd4 6. Nxd4 0-0 7. Be2 Re8 8. 0-0 Bc5 9. Nxc6 bxc6 10. Bf3 h6 11. Re1 d5 12. e5 Nd7 13. Bf4 Bf8 14. Qd3 Nc5 15. Qd2 Ne6 16. Rad1 Bb7 17. Ne2 Qd7 18. Bg4 Rad8 19. Nd4 Bc5 20. Nf5 Be7 21. Nxg7 Kxg7 22. Bxh6+ Kh8 23. Bf4 Rg8 24. Bf5 d4 25. Bg3 Bg5 26. f4 Bh6 27. Qf2 c5 28. Bh3 Qd5 29. Re2 Ba6 30. Ree1 Bc8 31. Rd3 c4 32. Rf3 Bb7 33. Kf1 d3 34. Bh4 Qd4 35. Bf6+ Kh7 36. Bf5+ Rg6 37. Bxd8 Bxf3 38. Bxg6+ fxg6 39. Qxd4 Be2+ 40. Kf2 Nxd4 41. cxd3 cxd3 42. Bxc7 d2 43. Bb8 Bxf4 44. g3 Be3+ 0-1

[Event "Valencia Cup tt"]
[Site "Valencia"]
[Date "2011.02.05"]
[Round "4"]
[White "Serrano Felipe, Rafael"]
[Black "Cortes Marti, Javier"]
[Result "1-0"]
[WhiteElo "2149"]
[BlackElo "1998"]
[PlyCount "183"]
[EventDate "2011.01.15"]
[EventType "team-tourn"]
[EventRounds "11"]
[EventCountry "ESP"]
[SourceTitle "EXT 2012"]
[Source "ChessBase"]
[SourceDate "2011.11.24"]
[SourceVersion "1"]
[SourceVersionDate "2011.11.24"]
[SourceQuality "1"]
[WhiteTeam "Voltors"]
[BlackTeam "Alberic"]
[WhiteTeamCountry "ESP"]
[BlackTeamCountry "ESP"]

1. d4 Nf6 2. Nc3 d5 3. e4 dxe4 4. f3 exf3 5. Nxf3 Bg4 6. h3 Bxf3 7. Qxf3 c6 8. Be3 e6 9. Bd3 Bd6 10. 0-0-0 Nbd7 11. g4 h6 12. h4 Qe7 13. g5 Nd5 14. Nxd5 cxd5 15. gxh6 gxh6 16. Rdf1 0-0-0 17. Qxf7 Rdf8 18. Qh5 Nf6 19. Qe2 Nd7 20. c4 Kb8 21. Kb1 dxc4 22. Bxc4 Rxf1+ 23. Qxf1 Nb6 24. Bb3 Nd5 25. Bd2 Rf8 26. Qe2 Qf6 27. Qe4 Nc7 28. Re1 Bg3 29. Rh1 e5 30. dxe5 Bxe5 31. Bxh6 Re8 32. Bg5 Qf2 33. Qc2 Qf3 34. Rd1 a6 35. a4 Qg4 36. Rd8+ Rxd8 37. Bxd8 Ne6 38. Bxe6 Qxe6 39. Qe4 Qd6 40. Bg5 Qc5 41. Be3 Qd6 42. Qc4 Qf6 43. Qg8+ Kc7 44. Bg5 Qf1+ 45. Ka2 Qe2 46. Qd8+ Kc6 47. Qe8+ Kc5 48. Qe7+ Kc6 49. Qe6+ Kc7 50. Qb3 Kb8 51. Be3 Qg4 52. Bb6 Kc8 53. h5 Kd7 54. Qd5+ Bd6 55. Qxb7+ Ke8 56. Qc6+ Ke7 57. Bd8+ Kxd8 58. Qxd6+ Kc8 59. Qxa6+ Kc7 60. Qb5 Qg8+ 61. Ka3 Qf8+ 62. Kb3 Qf3+ 63. Kb4 Qd1 64. a5 Qd2+ 65. Ka4 Qd1+ 66. Ka3 Qa1+ 67. Kb3 Qd1+ 68. Ka2 Qg4 69. a6 Qe6+ 70. b3 Qe3 71. Qb7+ Kd6 72. Qb8+ Kc6 73. Qc8+ Kd6 74. Qb8+ Kc6 75. Qb4 Qe2+ 76. Ka3 Qe5 77. Qb7+ Kc5 78. b4+ Kc4 79. Qc6+ Kd3 80. Ka4 Qa1+ 81. Kb5 Qe5+ 82. Kb6 Qb8+ 83. Ka5 Qd8+ 84. Qb6 Qh8 85. a7 Qa1+ 86. Kb5 Qe5+ 87. Qc5 Qe8+ 88. Kb6 Qd8+ 89. Ka6 Qf6+ 90. Ka5 Qd8+ 91. Ka4 Ke4 92. Qc6+ 1-0

[Event "Cullera op 26th"]
[Site "Cullera"]
[Date "2005.07.28"]
[Round "7.24"]
[White "Frasquet Solbes, Elias"]
[Black "Serrano Felipe, Rafael"]
[Result "1-0"]
[WhiteElo "2176"]
[BlackElo "2106"]
[PlyCount "65"]
[EventDate "2005.07.21"]
[EventType "swiss"]
[EventRounds "9"]
[EventCountry "ESP"]
[SourceTitle "CBM 107 Extra"]
[Source "ChessBase"]
[SourceDate "2005.09.01"]
[SourceVersion "1"]
[SourceVersionDate "2005.09.01"]
[SourceQuality "1"]

1. e4 c5 2. Nc3 Nc6 3. Nf3 e5 4. Bc4 d6 5. d3 h6 6. Be3 Nf6 7. Nd5 Be6 8. c3 Bxd5 9. exd5 Ne7 10. 0-0 g6 11. d4 cxd4 12. cxd4 e4 13. Qa4+ Nd7 14. Nd2 f5 15. f3 a6 16. Qd1 exf3 17. Qxf3 Nf6 18. Kh1 Bg7 19. Rae1 0-0 20. Bg1 Rc8 21. Bb3 Kh8 22. Re6 Ne4 23. Qe2 Kh7 24. Re1 Rc7 25. Nxe4 fxe4 26. Qxe4 Nf5 27. Bc2 Qg5 28. Qe2 Rxc2 29. Qxc2 Bxd4 30. Bxd4 Nxd4 31. Qc7+ Kg8 32. Qxd6 Nf5 33. Rxg6+ 1-0

[Event "Cullera op 26th"]
[Site "Cullera"]
[Date "2005.07.25"]
[Round "4.15"]
[White "Serrano Felipe, Rafael"]
[Black "Garcia Fernandez, Carlos"]
[Result "1-0"]
[WhiteElo "2106"]
[BlackElo "2349"]
[PlyCount "45"]
[EventDate "2005.07.21"]
[EventType "swiss"]
[EventRounds "9"]
[EventCountry "ESP"]
[SourceTitle "CBM 107 Extra"]
[Source "ChessBase"]
[SourceDate "2005.09.01"]
[SourceVersion "1"]
[SourceVersionDate "2005.09.01"]
[SourceQuality "1"]

1. d4 d6 2. e4 Nf6 3. Nc3 e5 4. Nf3 Nbd7 5. Rg1 c6 6. g4 h6 7. h4 g6 8. Be2 b5 9. g5 b4 10. dxe5 dxe5 11. Bc4 Qa5 12. Nb5 cxb5 13. Bxf7+ Kxf7 14. gxf6 Qc7 15. Qd5+ Kxf6 16. h5 g5 17. Bxg5+ hxg5 18. Rxg5 Bh6 19. Rf5+ Ke7 20. Rf7+ Kd8 21. Rd1 Rf8 22. Nxe5 Qxe5 23. Rxd7+ 1-0

[Event "Cullera op-A 25th"]
[Site "Cullera"]
[Date "2004.07.26"]
[Round "6"]
[White "Serrano Felipe, Rafael"]
[Black "Aymerich Rosell, Pablo"]
[Result "1-0"]
[WhiteElo "2053"]
[BlackElo "2151"]
[PlyCount "71"]
[EventDate "2004.07.??"]
[EventType "swiss"]
[EventRounds "9"]
[EventCountry "ESP"]
[SourceTitle "CBM 101 Extra"]
[Source "ChessBase"]
[SourceDate "2004.09.01"]
[SourceVersion "2"]
[SourceVersionDate "2004.09.01"]
[SourceQuality "1"]

1. e4 c5 2. Nf3 Nc6 3. d4 cxd4 4. Nxd4 g6 5. c4 Bg7 6. Be3 Nf6 7. Nc3 0-0 8. Be2 d6 9. 0-0 Bd7 10. Rc1 Nxd4 11. Bxd4 Bc6 12. f3 a5 13. Qd2 a4 14. Rfd1 Nd7 15. Bxg7 Kxg7 16. f4 Qb6+ 17. Kh1 Nf6 18. Bf3 Rfc8 19. Qe2 h5 20. h3 Rh8 21. Rd3 Rac8 22. e5 dxe5 23. fxe5 Ng4 24. Bxg4 hxg4 25. Qxg4 Qxb2 26. Rf1 Rh4 27. Qg5 Rxc4 28. Rg3 Be8 29. Qxe7 R4c6 30. Rf6 Rxf6 31. Qxf6+ Kg8 32. Nd5 Qc1+ 33. Kh2 Kh7 34. Rg4 Rc4 35. Qh4+ Kg7 36. Rxc4 1-0

[Event "Cullera op-A 25th"]
[Site "Cullera"]
[Date "2004.07.23"]
[Round "4"]
[White "Serrano Felipe, Rafael"]
[Black "Guillen Berna, David"]
[Result "1/2-1/2"]
[WhiteElo "2053"]
[BlackElo "1975"]
[PlyCount "55"]
[EventDate "2004.07.??"]
[EventType "swiss"]
[EventRounds "9"]
[EventCountry "ESP"]
[SourceTitle "CBM 101 Extra"]
[Source "ChessBase"]
[SourceDate "2004.09.01"]
[SourceVersion "2"]
[SourceVersionDate "2004.09.01"]
[SourceQuality "1"]

1. e4 c5 2. Nf3 d6 3. d4 cxd4 4. Nxd4 Nf6 5. Nc3 g6 6. Be3 Bg7 7. f3 0-0 8. Qd2 Nc6 9. g4 Bxg4 10. fxg4 Nxg4 11. Nf3 Nxe3 12. Qxe3 Qa5 13. Be2 Rac8 14. 0-0 a6 15. Nd5 b5 16. a4 b4 17. Qb6 Qxb6+ 18. Nxb6 Rc7 19. Bxa6 Nd4 20. Nd5 Ra7 21. Bd3 Nxf3+ 22. Rxf3 Bxb2 23. Ra2 Bd4+ 24. Kg2 Rb8 25. Bb5 Rxb5 26. Nxe7+ Rxe7 27. axb5 Rb7 28. Rd3 1/2-1/2

[Event "Cullera op-A 25th"]
[Site "Cullera"]
[Date "2004.07.22"]
[Round "3"]
[White "Gonzalez Somoza, Oliver"]
[Black "Serrano Felipe, Rafael"]
[Result "1-0"]
[WhiteElo "2202"]
[BlackElo "2053"]
[PlyCount "35"]
[EventDate "2004.07.??"]
[EventType "swiss"]
[EventRounds "9"]
[EventCountry "ESP"]
[SourceTitle "CBM 101 Extra"]
[Source "ChessBase"]
[SourceDate "2004.09.01"]
[SourceVersion "2"]
[SourceVersionDate "2004.09.01"]
[SourceQuality "1"]

1. e4 c5 2. Nf3 Nc6 3. d4 cxd4 4. Nxd4 e5 5. Nb5 d6 6. N1c3 a6 7. Na3 Nf6 8. Bg5 Be7 9. Bxf6 Bxf6 10. Nc4 Nd4 11. Nd5 0-0 12. c3 Nc6 13. Ndb6 Rb8 14. Qxd6 Bg4 15. Be2 Bxe2 16. Kxe2 Qe8 17. Qd7 Rd8 18. Qxe8 1-0

[Event "Valencia Autonomico Center"]
[Site "Valencia"]
[Date "2004.02.07"]
[Round "4.3"]
[White "Cabrera Crespo, Miguel"]
[Black "Serrano Felipe, Rafael"]
[Result "0-1"]
[WhiteElo "2096"]
[BlackElo "2057"]
[PlyCount "118"]
[EventDate "2004.01.17"]
[EventType "team-tourn"]
[EventRounds "4"]
[EventCountry "ESP"]
[SourceTitle "CBM 098 Extra"]
[Source "ChessBase"]
[SourceDate "2004.03.10"]
[SourceVersion "2"]
[SourceVersionDate "2004.03.10"]
[SourceQuality "1"]

1. d4 d5 2. c4 e6 3. Nc3 c6 4. e3 Nf6 5. Nf3 Nbd7 6. Bd3 dxc4 7. Bxc4 b5 8. Bd3 a6 9. a3 c5 10. 0-0 Bb7 11. Qe2 Be7 12. dxc5 Nxc5 13. Bc2 0-0 14. e4 Qc7 15. Bd2 Rad8 16. Rac1 e5 17. b4 Ne6 18. Bb3 Qb6 19. Rfd1 Nd4 20. Nxd4 exd4 21. Nd5 Nxd5 22. exd5 Rfe8 23. Qf3 Qf6 24. Bf4 g5 25. Bc7 Rd7 26. Qe4 Kf8 27. Qxd4 Qxd4 28. Rxd4 Bf6 29. Rdd1 Bb2 30. Rc2 Bxa3 31. Ba5 Bxd5 32. Rcd2 Bxb3 33. Rxd7 Bxd1 34. Rxd1 Re4 35. Rb1 Ke7 36. Kf1 Ke6 37. Rb3 Bc1 38. Rh3 Bd2 39. f3 Rc4 40. Rh6+ f6 41. Rxh7 Bxb4 42. Ra7 Rc1+ 43. Ke2 Rc2+ 44. Kd3 Rd2+ 45. Ke3 Bxa5 46. Rxa6+ Kf5 47. Rxa5 Rxg2 48. Rxb5+ Kg6 49. Rd5 Rxh2 50. Rd4 Ra2 51. Rc4 Ra5 52. Kf2 f5 53. Kg3 Ra2 54. Rc6+ Kh5 55. Rc8 f4+ 56. Kh3 Rf2 57. Rh8+ Kg6 58. Rg8+ Kf6 59. Rf8+ Kg7 0-1

[Event "Valencia-ch"]
[Site "Manises"]
[Date "2003.09.14"]
[Round "2"]
[White "Pavia Miralles, Jose Manuel"]
[Black "Serrano Felipe, Rafael"]
[Result "1-0"]
[WhiteElo "2309"]
[BlackElo "2055"]
[PlyCount "69"]
[EventDate "2003.??.??"]
[EventType "team-tourn"]
[EventRounds "6"]
[EventCountry "ESP"]
[SourceTitle "EXT 2005"]
[Source "ChessBase"]
[SourceDate "2004.11.15"]
[SourceVersion "1"]
[SourceVersionDate "2004.11.15"]
[SourceQuality "1"]

1. e4 c5 2. Nf3 Nc6 3. Bb5 g6 4. c3 Bg7 5. 0-0 Nf6 6. Re1 0-0 7. d4 cxd4 8. cxd4 d6 9. d5 Ne5 10. Nxe5 dxe5 11. Nc3 a6 12. Bf1 Ne8 13. Be3 Nd6 14. a4 f5 15. a5 Bd7 16. Bb6 Qe8 17. Qb3 Rc8 18. Qb4 Rf6 19. Bc5 Rb8 20. exf5 gxf5 21. Rxe5 Rg6 22. Re3 f4 23. Rf3 Be5 24. Re1 Bg4 25. Rd3 Bxc3 26. bxc3 Qf7 27. f3 Bh3 28. Bxd6 exd6 29. Rd4 Re8 30. Rde4 Rf8 31. Qd4 Rg5 32. Kh1 Bc8 33. Bd3 Rg7 34. c4 Qc7 35. Rxf4 1-0